000 00237nmm a2200085Ia 4500
008 220120s9999||||xx |||||||||||||||||und||
100 _aCHIP magazine
245 0 _aRed hot, multimedia, mobile system, 7 free live linux des
260 _c2013
999 _c139822
_d139822